Principal currents for a pair of unitary operators

Αποθηκεύτηκε σε:
Λεπτομέρειες βιβλιογραφικής εγγραφής
Κύριος συγγραφέας: Pincus, Joel D. 1934-
Άλλοι συγγραφείς: Zhu, Shaojie 1960-
Μορφή: Βιβλίο
Γλώσσα:English
Δημοσίευση: Providence, Rhode island : American Mathematical Society, c1994
Σειρά:Memoirs of the American Mathematical Society ; ; 522
Θέματα:
Ετικέτες: Προσθήκη ετικέτας
Δεν υπάρχουν, Καταχωρήστε ετικέτα πρώτοι!

MARC

LEADER 00000nam a2200000 i 4500
001 1/90575
008 990927s1994 eng d
020 |a 0821826093 
035 |l 10053168 
040 |a GR-MY-UA  |b gre  |e aacr 
041 0 |a eng 
082 0 |a 515.7246 
100 1 |a Pincus, Joel D.  |d 1934- 
245 1 0 |a Principal currents for a pair of unitary operators /  |c Joel D.Pincus, Shaojie Zhou 
260 |a Providence, Rhode island :   |b American Mathematical Society,   |c c1994 
300 |a vi, 103 p.;  |b ill.;  |c 26 cm. 
490 1 |a Memoirs of the American Mathematical Society  |v ; 522 
500 |a Includes bibliographical references 
500 |a Volume 109, number 522 (second of 5 numbers) 
650 0 0 |a Subnormal operators. 
650 0 0 |a Geometric measure theory. 
650 0 0 |a Decomposition (Mathematics) 
650 0 0 |a C*-algebras. 
700 1 |a Zhu, Shaojie  |d 1960- 
830 0 |a Memoirs of the American Mathematical Society ;  |v ; 522 
852 |a INST  |b SAMOS  |e 19990927  |h 515.7246 PIN  |p 005300012205  |q 005300012205  |t BK  |y 0 
901 |a BIBL3-1999-3 
909 |a Σ  |b 063456 
922 |a 3ΕΛΗ  |b 199907  |c ΕΠΕΑΕΚ/ΜΑΘ  |d ΠΑΠΑΣΩΤΗΡΙΟΥ 
970 |a ΓΕΝΟΥΖΟΥ  |b ΧΡΥΣΑΝΘΗ  |z 1999/09/27